000 01116am a2200373a 44500
003 AR-BaBNM
005 20251128210303.0
008 309019s1997 #AR|||||||||||000 | ing||
020 _a0-7914-3167-3
040 _cAR-BaBNM
100 1 _aSehr, David T.
245 1 0 _aEducation for public democracy
260 _aNew York
_bState University of New York
_c1997
300 _a195 p.
490 0 _aTeacher empowerment and school reform. Democracy and education
504 _aContiene bibliografía p. 181-190
600 1 4 _aLocke, John
600 1 4 _aRousseau, Jean-Jacques
600 1 4 _aJefferson, Thomas
650 4 _aDEMOCRATIZACION DE LA EDUCACION
650 4 _aTEORIAS DE LA EDUCACION
650 4 _aROL DEL DOCENTE
650 4 _aPARTICIPACION DEL ALUMNO
650 4 _aPARTICIPACION DE LOS PADRES
653 _aPEDAGOGIA CRITICA
653 _aEDUCACION SECUNDARIA
653 _aEDUCACION DEMOCRATICA
653 _aFORMACION DEL CIUDADANO
800 1 _aGiroux, Henry A.
_eeditor
800 1 _aMcLaren, Peter L.
_eeditor
800 1 _aWood, George H.
942 _cBK
998 _cRaquel
999 _c14796
_d14796